000 00738nam a2200217 a 4500
005 20160219155401.0
008 160219s1999 ck fr|||| 000 0 spa d
020 _a9589328229
040 _aCO-BoIAVH
_cCO-BoIAVH
041 0 _aspa
044 _ack
082 0 4 _a338.13
_bS47s
111 2 _aSeminario-Taller Internacional Red Agroempresarial Andina
_cBogotá
_dmayo, 1999
245 1 0 _aSeminario - taller internacional red agroempresarial andina :
_bmemorias
260 _aBogotá :
_bIICA :
_bAECI,
_c1999.
300 _a84 páginas ;
_c22 x 14 cm.
650 1 6 _aAgroindustria
650 2 6 _aComercio agrícola
710 2 _aInstituto Interamericano de Cooperación para la Agricultura
942 _cLIBRO
_2ddc
999 _c5776
_d5776